Vie de Diderot / (Record no. 196245)

MARC details
000 -LEADER
campo de control de longitud fija 01538nam a2200469 i 4500
001 - NÚMERO DE CONTROL
campo de control 196245
003 - IDENTIFICADOR DE NÚMERO DE CONTROL
campo de control ES-MaACL
005 - FECHA Y HORA DE LA ÚLTIMA TRANSACCIÓN
campo de control 20250825062744.0
007 - CAMPO FIJO DE DESCRIPCIÓN FÍSICA--INFORMACIÓN GENERAL
campo de control de longitud fija ta
008 - DATOS DE LONGITUD FIJA--INFORMACIÓN GENERAL
campo de control de longitud fija 240823t19431932fr af frb 000 0bfre d
035 ## - NÚMERO DE CONTROL DEL SISTEMA
Número de control de sistema 066125464
035 ## - NÚMERO DE CONTROL DEL SISTEMA
Número de control de sistema 064490564
035 ## - NÚMERO DE CONTROL DEL SISTEMA
Número de control de sistema (OCoLC)301475210
035 ## - NÚMERO DE CONTROL DEL SISTEMA
Número de control de sistema sib1135058
035 ## - NÚMERO DE CONTROL DEL SISTEMA
Número de control de sistema PRITEC.BSG.010850607001
035 ## - NÚMERO DE CONTROL DEL SISTEMA
Número de control de sistema urouen92535
035 ## - NÚMERO DE CONTROL DEL SISTEMA
Número de control de sistema AIC01050077
035 ## - NÚMERO DE CONTROL DEL SISTEMA
Número de control de sistema SU013605590001P
035 ## - NÚMERO DE CONTROL DEL SISTEMA
Número de control de sistema ALP000197581
035 ## - NÚMERO DE CONTROL DEL SISTEMA
Número de control de sistema 009988734
040 ## - FUENTE DE CATALOGACIÓN
Centro catalogador/agencia de origen ABES
Lengua de catalogación fre
Normas de descripción AFNOR
Centro/agencia transcriptor ES-MaACL
041 0# - CÓDIGO DE IDIOMA
Fuente del código 639-2
999 ## - NÚMEROS DE CONTROL DE SISTEMA (KOHA)
Koha Subclase de Dewey [OBSOLETO] 751052102ma
100 0# - ENTRADA PRINCIPAL--NOMBRE DE PERSONA
Número de control del registro de autoridad o número normalizado (IdRef)026728990
URI de un objeto del mundo real http://www.idref.fr/026728990/id
Nombre de persona Billy, André,
Fechas asociadas al nombre 1882-1971
9 (RLIN) 28895
245 10 - MENCIÓN DEL TÍTULO
Título Vie de Diderot /
Mención de responsabilidad, etc. André Billy.
250 ## - MENCION DE EDICION
Mención de edición Éd. revue et augmentée.
260 ## - PUBLICACIÓN, DISTRIBUCIÓN, ETC.
Lugar de publicación, distribución, etc. Paris :
Nombre del editor, distribuidor, etc. Flammarion,
Fecha de publicación, distribución, etc. 1943.
300 ## - DESCRIPCIÓN FÍSICA
Extensión 405 p.-[8] p. de pl. :
Otras características físicas il. ;
Dimensiones 21 cm.
336 ## - TIPO DE CONTENIDO
Código de tipo de contenido txt
Fuente rdacontent
Término de tipo de contenido texto
337 ## - TIPO DE MEDIO
Código del tipo de medio n
Fuente rdamedia
Nombre/término del tipo de medio sin mediación
337 ## - TIPO DE MEDIO
Código del tipo de medio n
Fuente isbdmedia
Nombre/término del tipo de medio sin mediación
338 ## - TIPO DE SOPORTE
Código del tipo de soporte nga
Fuente RDAfrCarrier
Nombre/término del tipo de soporte volumen
504 ## - NOTA DE BIBLIOGRAFÍA, ETC.
Nota de bibliografía, etc. Bibliografia: p. 395-401.
600 14 - PUNTO DE ACCESO ADICIONAL DE MATERIA--NOMBRE DE PERSONA
Nombre de persona Diderot, Denis,
Fechas asociadas al nombre 1713-1784
9 (RLIN) 44511
655 #0 - TERMINO DE INDIZACIÓN--GENERO/FORMA
Datos o término principal de género/forma Biografías
9 (RLIN) 176647
852 ## - LOCALIZACIÓN
Ubicación ES-MaACL
Ubicación en estantería Depósito 1
Número de control de estantería A-15336
Donativo/Legado Donación: José Manuel Duarte Cendán
itemnumber 203991
903 ## - NOMBRE PERSONAL DE DONANTE
9 238529
a Duarte Cendán, José Manuel
q 1
e Donante
942 ## - ELEMENTOS DE ENTRADA SECUNDARIOS (KOHA)
Suprimir en OPAC No
Tipo de ítem Koha Libro impreso
Holdings
Estatus retirado Estado de pérdida Fuente del sistema de clasificación o colocación Estado de daño No para préstamo Biblioteca de origen Biblioteca actual Ubicación en estantería Fecha de adquisición Fuente de adquisición Total de préstamos Signatura topográfica completa Código de barras Visto por última vez Precio de reemplazo Tipo de ítem Koha
    Clasificación decimal universal     Biblioteca del Ateneo de Madrid Biblioteca del Ateneo de Madrid Depósito 1 23/08/2024 Donación   A-15336 101228799 23/08/2024 23/08/2024 Libro impreso